| 000 | 00450nam a2200121Ia 4500 | ||
|---|---|---|---|
| 008 | 220615s9999||||xx |||||||||||||| ||und|| | ||
| 245 | 0 | _aCitizenship and Democratization in Southeast Asia | |
| 546 | _aEnglish[eng] | ||
| 650 | _aSociology & anthropology | ||
| 700 | _aBerenschot, Ward||Schulte Nordholt, Henk||Bakker, Laurens | ||
| 856 | _uhttps://library.oapen.org/bitstream/20.500.12657/38050/1/9789004329669_webready_content_text.pdf | ||
| 942 | _cEB | ||
| 999 |
_c10702 _d10702 |
||